| 000 | nam a22 a 4500 | ||
|---|---|---|---|
| 999 |
_c1130 _d1130 |
||
| 003 | AKMAL | ||
| 005 | 20170508142158.0 | ||
| 008 | 170508s2005 my l 00 eng d | ||
| 020 |
_a9678906430 (pbk.): _cRM 15.00 |
||
| 082 | 0 | 4 | _a345.5950277 DAN |
| 090 |
_a345.5950277 _bDAN |
||
| 110 | 2 |
_aMalaysia _9400 |
|
| 240 | 1 |
_aAkta Dadah Berbahaya (Perlucuthakan Harta, 1988. _lEnglish |
|
| 245 | 1 | 0 |
_aDangerous Drugs (Forfeiture of property) Act 1988 (Act 340) & Regulations 1989 (Special preventive measures) Act 1985 (Act 316) & Rules 1987 : _b(As at 10th March 2005) / _ccompiled by Legal Research Board |
| 260 |
_aKuala Lumpur : _bInternational Law Book Services, _c2005 |
||
| 300 |
_aiv, 131p. 4c _c24cm |
||
| 650 |
_aDrugs _xLaw and legislation _zMalaysia _92109 |
||
| 650 |
_aDrug abuse _zMalaysia _xPrevention _92110 |
||
| 710 | 1 |
_aMalaysia. _tAkta Dadah Berbahaya (Langkah-Langkah Pencegahan Khas) 1985 _92111 |
|
| 942 |
_2ddc _cBOOK |
||